Statistics for Five Most Elevated Countries by Continent

Click here to take the quiz!

General Stats

  • This quiz has been taken 42,366 times
    (32,176 since last reset)
  • The average score is 25 of 30

Answer Stats

Continent Feet Meters Peak Country % Correct
North America20,3106,191DenaliUnited States
98%
North America19,5515,959Mt. LoganCanada
97%
North America18,4915,636Pico de OrizabaMexico
96%
Asia29,0298,848Mt. EverestChina
96%
South America22,6156,893Ojos del SaladoChile
95%
Oceania7,3102,228Mt. KosciuszkoAustralia
95%
Asia29,0298,848Mt. EverestNepal
94%
Europe15,2034,634Monte RosaSwitzerland
94%
Oceania12,2183,724Aoraki/Mt. CookNew Zealand
94%
South America22,2056,768HuascaránPeru
93%
South America22,8356,960AconcaguaArgentina
93%
Europe15,7814,810Mont BlancFrance
91%
Asia28,1698,586KangchenjungaIndia
91%
South America21,4636,542SajamaBolivia
89%
Europe18,5105,642Mt. ElbrusRussia
89%
Europe15,7814,810Monte BiancoItaly
89%
Europe12,4613,798GroßglocknerAustria
87%
South America20,5616,267ChimborazoEcuador
85%
Africa17,0575,199Mt. KenyaKenya
84%
Asia28,2518,611K2Pakistan
81%
Africa19,3315,892KilimanjaroTanzania
80%
Asia24,8367,570Gangkhar PuensumBhutan
78%
Oceania14,7934,509Mount WilhelmPapua New Guinea
77%
North America13,8454,220Volcán TajumulcoGuatemala
75%
Africa16,7525,109Margherita PeakD.R Congo
71%
North America12,5333,820Cerro ChirripóCosta Rica
69%
Africa14,9284,550Ras DejenEthiopia
65%
Africa16,7525,109Margherita PeakUganda
63%
Oceania7,6612,335Mt. PopomanaseuSolomon Islands
57%
Oceania6,1581,877Mt. TabwemasanaVanuatu
54%

Score Distribution

Percentile by Number Answered

Percent of People with Each Score

Your Score History

You have not taken this quiz since the last reset